[Event "Trois-Rivieres op"]
[Site "Trois Rivieres"]
[Date "2018.03.18"]
[Round "4.13"]
[White "Fortier, Marc Andre"]
[Black "Soudre, Nicolas"]
[Result "0-1"]
[WhiteElo "2229"]
[BlackElo "2258"]
[PlyCount "80"]
[EventDate "2018.03.16"]
[EventType "swiss"]
[EventRounds "5"]
[EventCountry "CAN"]
[SourceTitle "EXT 2022"]
[Source "ChessBase"]
[SourceDate "2021.10.06"]
[SourceVersion "1"]
[SourceVersionDate "2021.10.06"]
[SourceQuality "1"]

1. e4 e6 2. Qe2 c5 3. Nf3 Nc6 4. g3 g6 5. Bg2 Bg7 6. 0-0 Nge7 7. c3 0-0 8. d3 d6 9. Be3 b5 10. d4 cxd4 11. Nxd4 b4 12. Rd1 Nxd4 13. Bxd4 Bxd4 14. Rxd4 Nc6 15. Rd1 Rb8 16. a3 a5 17. axb4 axb4 18. c4 e5 19. Nd2 Nd4 20. Qd3 Bg4 21. f3 Be6 22. Nb3 Nxb3 23. Qxb3 Qb6+ 24. Kh1 Rfc8 25. Rac1 Rc6 26. Qd3 b3 27. Bf1 Rbc8 28. Qd2 Bxc4 29. Bxc4 Rxc4 30. Rxc4 Rxc4 31. Qxd6 Qxd6 32. Rxd6 Rc2 33. Rb6 Rxb2 34. Kg1 Kf8 35. Kf1 Ke7 36. g4 Kd7 37. Ke1 Kc7 38. Rb4 Kc6 39. Kd1 Kc5 40. Rb7 Kc4 0-1

[Event "Trois-Riveres op"]
[Site "Trois Rivieres"]
[Date "2017.03.17"]
[Round "1.6"]
[White "Fortier, Marc Andre"]
[Black "Duong, Thanh Nha"]
[Result "0-1"]
[WhiteElo "2102"]
[BlackElo "2250"]
[PlyCount "36"]
[EventDate "2017.03.17"]
[EventType "swiss"]
[EventRounds "5"]
[EventCountry "CAN"]
[SourceTitle "EXT 2022"]
[Source "ChessBase"]
[SourceDate "2021.10.06"]
[SourceVersion "1"]
[SourceVersionDate "2021.10.06"]
[SourceQuality "1"]

1. e4 d6 2. d4 Nf6 3. Nc3 Nbd7 4. Bc4 e5 5. Nf3 Be7 6. 0-0 c6 7. a4 Qc7 8. Be3 0-0 9. Bb3 b6 10. Qe2 a6 11. Rfd1 Bb7 12. Nh4 g6 13. Bh6 Rfc8 14. Nf3 exd4 15. Ng5 Ne5 16. f4 Nfg4 17. fxe5 Nxh6 18. exd6 Bxd6 0-1

[Event "Mauricie op"]
[Site "Trois Rivieres "]
[Date "2014.03.15"]
[Round "3"]
[White "Fortier, Marc Andre"]
[Black "Luksza, Arkadiusz"]
[Result "1-0"]
[WhiteElo "2082"]
[BlackElo "2157"]
[PlyCount "56"]
[EventDate "2014.03.14"]
[EventType "swiss"]
[EventRounds "5"]
[EventCountry "CAN"]
[SourceTitle "EXT 2015"]
[Source "ChessBase"]
[SourceDate "2014.11.20"]
[SourceVersion "1"]
[SourceVersionDate "2014.11.20"]
[SourceQuality "1"]

1. e4 e6 2. d3 d5 3. Nd2 c5 4. g3 Nc6 5. Bg2 Nf6 6. h3 e5 7. Ne2 Be7 8. 0-0 0-0 9. f4 exf4 10. Nxf4 dxe4 11. Nxe4 Nxe4 12. Bxe4 Bf6 13. Qh5 g6 14. Qh6 Be5 15. Nh5 f5 16. Bxc6 bxc6 17. Bg5 Qc7 18. Nf4 c4 19. dxc4 Bg7 20. Qh4 Qb6+ 21. Kh1 Qxb2 22. Rae1 Qxc2 23. Re7 Rb8 24. Nxg6 Rf7 25. Re8+ Bf8 26. Ne7+ Rxe7 27. Bxe7 Qd3 28. Rxf8+ Kg7 1-0

[Event "Trois-Rivieres Mauricie op"]
[Site "Trois Rivieres"]
[Date "2012.03.16"]
[Round "1"]
[White "Yun, Chang"]
[Black "Fortier, Marc Andre"]
[Result "1-0"]
[WhiteElo "1963"]
[BlackElo "2117"]
[PlyCount "61"]
[EventDate "2012.03.16"]
[EventType "swiss"]
[EventRounds "5"]
[EventCountry "CAN"]
[SourceTitle "EXT 2022"]
[Source "ChessBase"]
[SourceDate "2021.10.06"]
[SourceVersion "1"]
[SourceVersionDate "2021.10.06"]
[SourceQuality "1"]

1. e4 c5 2. Nf3 d6 3. Bb5+ Bd7 4. Bxd7+ Nxd7 5. 0-0 g6 6. c3 Bg7 7. d4 cxd4 8. cxd4 Qb6 9. Nc3 e6 10. Re1 Ne7 11. Rb1 0-0 12. Bg5 Rfe8 13. Qd2 Rac8 14. h4 Qa6 15. h5 Nb6 16. hxg6 hxg6 17. Qf4 Nc6 18. e5 dxe5 19. dxe5 Nd5 20. Qh4 Nxc3 21. bxc3 Nb8 22. Rbd1 Rxc3 23. Bf6 Rxf3 24. gxf3 Qa5 25. Kg2 Nd7 26. Bxg7 Kxg7 27. Rxd7 Qxe1 28. Qf6+ Kh6 29. Qf4+ Kh5 30. Rxf7 g5 31. Rh7+ 1-0

[Event "Trois-Rivieres Mauricie op"]
[Site "Trois Rivieres"]
[Date "2011.03.19"]
[Round "2"]
[White "Fortier, Marc Andre"]
[Black "Dumont, Felix"]
[Result "1/2-1/2"]
[WhiteElo "2152"]
[BlackElo "1989"]
[PlyCount "79"]
[EventDate "2011.03.18"]
[EventType "swiss"]
[EventRounds "5"]
[EventCountry "CAN"]
[SourceTitle "EXT 2022"]
[Source "ChessBase"]
[SourceDate "2021.10.06"]
[SourceVersion "1"]
[SourceVersionDate "2021.10.06"]
[SourceQuality "1"]

1. e4 c5 2. Nc3 d6 3. g3 Nf6 4. Bg2 Nc6 5. d3 g6 6. Be3 Bg7 7. h3 e6 8. Qd2 Rb8 9. Nge2 0-0 10. 0-0 b5 11. a3 Nd7 12. Bh6 b4 13. Bxg7 Kxg7 14. axb4 cxb4 15. Nd1 a5 16. Kh2 Nb6 17. f4 d5 18. f5 exf5 19. exf5 Bxf5 20. Rxf5 gxf5 21. Ne3 Ne7 22. Nd4 Kh8 23. Qf2 Ra8 24. Ndxf5 Nxf5 25. Qxf5 Qd6 26. Nxd5 Nxd5 27. Bxd5 Rac8 28. Bb3 Rg8 29. Qf2 Rce8 30. Rg1 Re7 31. Rg2 Rge8 32. Ba4 Rd8 33. Qf5 Rg8 34. Qf2 Re6 35. Qxf7 Rxg3 36. Rxg3 Re2+ 37. Kh1 Qxg3 38. Qf6+ Qg7 39. Qd8+ Qg8 40. Qf6+ 1/2-1/2

[Event "Trois-Rivieres Mauricie op"]
[Site "Trois Rivieres"]
[Date "2010.03.21"]
[Round "4"]
[White "Fortier, Marc Andre"]
[Black "Poulin, Mathieu"]
[Result "1-0"]
[WhiteElo "2125"]
[BlackElo "1894"]
[PlyCount "55"]
[EventDate "2010.03.19"]
[EventType "swiss"]
[EventRounds "5"]
[EventCountry "CAN"]
[SourceTitle "EXT 2022"]
[Source "ChessBase"]
[SourceDate "2021.10.06"]
[SourceVersion "1"]
[SourceVersionDate "2021.10.06"]
[SourceQuality "1"]

1. e4 c6 2. d4 d5 3. f3 e6 4. Nc3 Nf6 5. Bg5 Be7 6. Qd2 h6 7. Be3 b6 8. 0-0-0 Ba6 9. e5 Nfd7 10. f4 c5 11. Nf3 Bxf1 12. Rhxf1 Nc6 13. Kb1 a6 14. f5 cxd4 15. fxe6 fxe6 16. Nxd4 Nxd4 17. Bxd4 Bc5 18. Qd3 Qg5 19. Nxd5 exd5 20. Bxc5 Qxg2 21. Bd6 Qe4 22. Qh3 0-0-0 23. Rde1 Qg6 24. Rg1 Qh7 25. e6 Nf6 26. Qc3+ Kb7 27. Qc7+ Ka8 28. Rxg7 1-0

[Event "Mauricie op"]
[Site "Trois Rivieres"]
[Date "2009.03.21"]
[Round "3"]
[White "Fortier, Marc Andre"]
[Black "Forget, Luc"]
[Result "0-1"]
[WhiteElo "2147"]
[BlackElo "2013"]
[PlyCount "152"]
[EventDate "2009.03.20"]
[EventType "swiss"]
[EventRounds "5"]
[EventCountry "CAN"]
[SourceTitle "EXT 2011"]
[Source "ChessBase"]
[SourceDate "2010.11.26"]
[SourceVersion "1"]
[SourceVersionDate "2010.11.26"]
[SourceQuality "1"]

1. e4 c6 2. d4 d5 3. f3 dxe4 4. fxe4 e5 5. Nf3 Nf6 6. Bc4 exd4 7. 0-0 b5 8. Bb3 Bc5 9. Ng5 0-0 10. Nxf7 Rxf7 11. Bxf7+ Kh8 12. Bg5 Nbd7 13. Nd2 Ne5 14. Bxf6 gxf6 15. Bh5 Bd6 16. Nf3 c5 17. Nxe5 Bxe5 18. Bg4 Qd6 19. h3 Bb7 20. Qf3 Rd8 21. Rad1 a5 22. Bf5 a4 23. Qh5 Qe7 24. Qh4 Bc6 25. Rf3 Rg8 26. Re1 Rg7 27. b3 b4 28. g4 Bb5 29. Kh1 c4 30. bxa4 Bxa4 31. Qf2 Qd6 32. Rb1 Rg8 33. Qe2 Qc5 34. Be6 Rd8 35. Bxc4 Be8 36. Rfb3 Rb8 37. a3 Bd6 38. Rxb4 Rxb4 39. axb4 Qe5 40. Rf1 Kg7 41. Rf5 Qg3 42. Rf3 Qe5 43. b5 Bc7 44. Bd3 Bd7 45. Rf2 Qg5 46. Qf3 Be5 47. Rf1 h6 48. Ra1 Qd2 49. Qe2 Qxe2 50. Bxe2 d3 51. Re1 Bc3 52. Bxd3 Bxe1 53. Kg2 Bc3 54. Kg3 Kf7 55. Kh4 Be1+ 56. Kh5 Kg7 57. g5 hxg5 58. e5 Bxh3 59. b6 Ba5 60. b7 Bc7 61. exf6+ Kxf6 62. Be4 Ke5 63. Bc6 Kf4 64. c4 Be6 65. c5 Bf7+ 66. Kh6 g4 67. Kg7 Be6 68. Kf6 Bf5 69. Ke7 g3 70. Bg2 Ke5 71. c6 Kd4 72. Ke8 Kc5 73. Ke7 Bg4 74. Kf6 Kd6 75. Kf7 Be6+ 76. Ke8 Bc4 0-1

[Event "Mauricie-ch"]
[Site "Trois Rivieres"]
[Date "2007.03.17"]
[Round "2"]
[White "Sauve, Richard"]
[Black "Fortier, Marc Andre"]
[Result "1-0"]
[WhiteElo "2005"]
[BlackElo "2074"]
[PlyCount "68"]
[EventDate "2007.03.16"]
[EventType "swiss"]
[EventRounds "5"]
[EventCountry "CAN"]
[SourceTitle "EXT 2022"]
[Source "ChessBase"]
[SourceDate "2021.10.06"]
[SourceVersion "1"]
[SourceVersionDate "2021.10.06"]
[SourceQuality "1"]

1. d4 g6 2. c4 Bg7 3. e4 d6 4. Nc3 Nd7 5. Be3 e5 6. d5 Ne7 7. Nf3 h6 8. Be2 0-0 9. Qd2 Kh7 10. 0-0-0 f5 11. exf5 gxf5 12. g3 a6 13. Nh4 b5 14. cxb5 axb5 15. Bxb5 Ba6 16. Bxa6 Rxa6 17. Qd3 Qa8 18. a3 e4 19. Qc2 Ne5 20. Bd4 Rb8 21. Nxf5 Nxf5 22. Qxe4 Rxa3 23. Qxf5+ Kh8 24. bxa3 Qxa3+ 25. Kd2 Nc4+ 26. Ke2 Qb2+ 27. Kf1 Bxd4 28. Rxd4 Qxc3 29. Qf6+ Kh7 30. Kg2 Rb2 31. Qf7+ Kh8 32. Rf4 Ne5 33. Qe8+ Kg7 34. Qe7+ Kh8 1-0

[Event "Mauricie op"]
[Site "Trois Rivieres"]
[Date "2006.??.??"]
[Round "3"]
[White "Djerkovic, Miladin"]
[Black "Fortier, Marc Andre"]
[Result "1-0"]
[WhiteElo "2261"]
[BlackElo "2076"]
[PlyCount "81"]
[EventDate "2006.03.17"]
[EventType "swiss"]
[EventRounds "5"]
[EventCountry "CAN"]
[SourceTitle "EXT 2007"]
[Source "ChessBase"]
[SourceDate "2006.11.23"]
[SourceVersion "1"]
[SourceVersionDate "2006.11.23"]
[SourceQuality "1"]

1. e4 c5 2. Nf3 d6 3. d4 cxd4 4. Nxd4 Nf6 5. Nc3 g6 6. Be3 Bg7 7. f3 0-0 8. Qd2 Nc6 9. Bc4 Bd7 10. 0-0-0 Ne5 11. Bb3 Qa5 12. h4 Rfc8 13. h5 Nxh5 14. Nd5 Qxd2+ 15. Rxd2 Kf8 16. g4 Nf6 17. Nxf6 Bxf6 18. g5 Bg7 19. Rxh7 Nc4 20. Bxc4 Rxc4 21. Ne2 Kg8 22. Rh1 Ra4 23. Kb1 Ra5 24. c3 Be6 25. b4 Ra3 26. Bd4 a5 27. b5 Bc4 28. Bxg7 Kxg7 29. Nd4 Rxc3 30. Kb2 Re3 31. Rdh2 Rg8 32. Rh7+ Kf8 33. Rc1 d5 34. exd5 e5 35. Rxc4 exd4 36. Rc8+ Re8 37. Rc7 Re7 38. d6 Rxc7 39. dxc7 Ke7 40. b6 Rf8 41. Rh4 1-0

[Event "Mauricie op"]
[Site "Trois Rivieres"]
[Date "2006.??.??"]
[Round "2"]
[White "Fortier, Marc Andre"]
[Black "Bolduc, Steve"]
[Result "1/2-1/2"]
[WhiteElo "2076"]
[BlackElo "2302"]
[PlyCount "63"]
[EventDate "2006.03.17"]
[EventType "swiss"]
[EventRounds "5"]
[EventCountry "CAN"]
[SourceTitle "EXT 2007"]
[Source "ChessBase"]
[SourceDate "2006.11.23"]
[SourceVersion "1"]
[SourceVersionDate "2006.11.23"]
[SourceQuality "1"]

1. e4 c5 2. Nc3 Nc6 3. g3 g6 4. Bg2 Bg7 5. d3 d6 6. Be3 Nf6 7. Nge2 e5 8. h3 0-0 9. 0-0 Be6 10. f4 Qd7 11. Kh2 Rac8 12. Qd2 d5 13. f5 d4 14. fxe6 fxe6 15. Bg5 dxc3 16. bxc3 Rf7 17. Rad1 Rcf8 18. Kg1 Qc7 19. h4 Ne8 20. Rxf7 Rxf7 21. Bh3 Qd6 22. Nc1 Nc7 23. h5 b6 24. hxg6 hxg6 25. Kg2 c4 26. Qe2 Qa3 27. dxc4 Qxc3 28. Rd3 Qb2 29. Rb3 Qd4 30. Rd3 Qb2 31. Rb3 Qd4 32. Rd3 1/2-1/2

[Event "Quebec Carnaval op"]
[Site "Quebec"]
[Date "2004.02.14"]
[Round "2"]
[White "Lessard, Claude"]
[Black "Fortier, Marc Andre"]
[Result "1-0"]
[WhiteElo "2001"]
[BlackElo "2205"]
[PlyCount "79"]
[EventDate "2004.02.??"]
[EventType "swiss"]
[EventRounds "5"]
[EventCountry "CAN"]
[SourceTitle "EXT 2005"]
[Source "ChessBase"]
[SourceDate "2004.11.15"]
[SourceVersion "1"]
[SourceVersionDate "2004.11.15"]
[SourceQuality "1"]

1. d4 g6 2. Nf3 Bg7 3. g3 d6 4. Bg2 Nd7 5. b3 e5 6. Bb2 e4 7. Nfd2 d5 8. e3 f5 9. c4 c6 10. Nc3 Ngf6 11. cxd5 Nxd5 12. Nxd5 cxd5 13. Ba3 b6 14. 0-0 Nf8 15. Rc1 Bb7 16. Qe2 a6 17. f3 Qd7 18. fxe4 fxe4 19. Bh3 Qxh3 20. Rc7 Nd7 21. Rxb7 h5 22. Qf2 Qe6 23. Rc1 h4 24. Rbc7 Rd8 25. R1c6 Qg4 26. Qf4 Qxf4 27. gxf4 Bf8 28. Bxf8 Nxf8 29. Rxb6 Rh5 30. Rxa6 Rf5 31. b4 g5 32. fxg5 Rxg5+ 33. Kf2 h3 34. Nf1 Rg2+ 35. Ke1 Ng6 36. b5 Nh4 37. Rh6 Nf3+ 38. Kd1 Rg8 39. b6 Rd7 40. b7 1-0

[Event "Quebec Carnaval op"]
[Site "Quebec"]
[Date "2003.02.15"]
[Round "3"]
[White "Fortier, Marc Andre"]
[Black "Drolet, Stephane"]
[Result "1/2-1/2"]
[WhiteElo "2271"]
[BlackElo "2101"]
[PlyCount "36"]
[EventDate "2003.02.??"]
[EventType "swiss"]
[EventRounds "5"]
[EventCountry "CAN"]
[SourceTitle "EXT 2006"]
[Source "ChessBase"]
[SourceDate "2005.11.24"]
[SourceVersion "1"]
[SourceVersionDate "2005.11.24"]
[SourceQuality "1"]

1. e4 Nc6 2. d4 d5 3. e5 Bf5 4. Nf3 Qd7 5. Bd3 f6 6. Bb5 a6 7. Ba4 b5 8. Bb3 Na5 9. Nbd2 Nc4 10. Bxc4 dxc4 11. 0-0 e6 12. Re1 Ne7 13. exf6 gxf6 14. Nh4 Bg6 15. Qf3 Nd5 16. Ne4 Be7 17. Bh6 Rg8 18. Nxg6 hxg6 1/2-1/2

[Event "Quebec Carnaval op"]
[Site "Quebec"]
[Date "2003.02.14"]
[Round "1"]
[White "Fortier, Marc Andre"]
[Black "Paradis, Sylvain"]
[Result "0-1"]
[WhiteElo "2271"]
[BlackElo "2063"]
[PlyCount "76"]
[EventDate "2003.02.??"]
[EventType "swiss"]
[EventRounds "5"]
[EventCountry "CAN"]
[SourceTitle "EXT 2006"]
[Source "ChessBase"]
[SourceDate "2005.11.24"]
[SourceVersion "1"]
[SourceVersionDate "2005.11.24"]
[SourceQuality "1"]

1. e4 c5 2. Nc3 Nc6 3. g3 Nf6 4. Bg2 e6 5. d3 d5 6. f4 d4 7. Nb1 e5 8. f5 g6 9. g4 gxf5 10. gxf5 Rg8 11. Bf3 Ng4 12. h4 h5 13. Bg5 f6 14. Bc1 Qb6 15. Na3 Qb4+ 16. Bd2 Qxb2 17. Nc4 Qb5 18. a4 Qa6 19. Ne2 Bd7 20. Ng3 0-0-0 21. Nxh5 Nh2 22. Be2 Rg2 23. Bf1 Rxd2 24. Nxd2 Nxf1 25. Kxf1 Nb4 26. a5 Bb5 27. Rh3 Bh6 28. Nb3 Rg8 29. Rb1 Qc6 30. Nxc5 Qxc5 31. Nxf6 Rf8 32. Ng4 Bf4 33. h5 Ba4 34. Rxb4 Qxb4 35. h6 Rh8 36. Ke2 Qxa5 37. h7 Qc7 38. Nf6 Qg7 0-1

[Event "Quebec Montcalm-ch"]
[Site "Quebec"]
[Date "2003.01.12"]
[Round "5"]
[White "Marquis, Paul"]
[Black "Fortier, Marc Andre"]
[Result "0-1"]
[WhiteElo "1940"]
[BlackElo "2265"]
[PlyCount "64"]
[EventDate "2003.01.??"]
[EventType "swiss"]
[EventRounds "5"]
[EventCountry "CAN"]
[SourceTitle "EXT 2006"]
[Source "ChessBase"]
[SourceDate "2005.11.24"]
[SourceVersion "1"]
[SourceVersionDate "2005.11.24"]
[SourceQuality "1"]

1. d4 g6 2. c4 Bg7 3. e4 d6 4. Nc3 Nd7 5. Nf3 e5 6. Be2 Ne7 7. 0-0 0-0 8. dxe5 Nxe5 9. Nxe5 Bxe5 10. f4 Bg7 11. Nd5 Nxd5 12. Qxd5 c6 13. Qd3 f5 14. Bf3 Qb6+ 15. Kh1 fxe4 16. Bxe4 Be6 17. Rb1 Rad8 18. f5 gxf5 19. Bxf5 Bxf5 20. Rxf5 Rxf5 21. Qxf5 Rf8 22. Qe6+ Kh8 23. Be3 Qa5 24. Qxd6 Qxa2 25. Qd3 Kg8 26. b4 b5 27. cxb5 cxb5 28. Rc1 a6 29. h3 Qe6 30. Rc7 Qe5 31. Rd7 Qf5 32. Bd4 Qxd7 0-1

[Event "Quebec Montcalm-ch"]
[Site "Quebec"]
[Date "2003.01.10"]
[Round "1"]
[White "Fecteau, Martin"]
[Black "Fortier, Marc Andre"]
[Result "0-1"]
[WhiteElo "1968"]
[BlackElo "2265"]
[PlyCount "57"]
[EventDate "2003.01.??"]
[EventType "swiss"]
[EventRounds "5"]
[EventCountry "CAN"]
[SourceTitle "EXT 2006"]
[Source "ChessBase"]
[SourceDate "2005.11.24"]
[SourceVersion "1"]
[SourceVersionDate "2005.11.24"]
[SourceQuality "1"]

1. d4 g6 2. c4 Bg7 3. Nc3 d6 4. e4 Nd7 5. Nf3 e5 6. Bg5 f6 7. Be3 Nh6 8. Qd2 Ng4 9. 0-0-0 Nxe3 10. fxe3 0-0 11. Kb1 c6 12. Bd3 Qe7 13. g4 Nb6 14. Rdg1 Be6 15. Qe2 Rac8 16. h4 d5 17. exd5 cxd5 18. cxd5 Rxc3 19. bxc3 Nxd5 20. Qd2 Qa3 21. Rc1 Nxe3 22. g5 Bd5 23. Rhe1 Nf5 24. gxf6 Rxf6 25. Nxe5 Rb6+ 26. Ka1 Bh6 27. Qc2 Bxc1 28. Rxc1 Kg7 29. Re1 0-1

[Event "Quebec-ch classe"]
[Site "Quebec"]
[Date "2002.11.22"]
[Round "1"]
[White "Fortier, Marc Andre"]
[Black "Angers, Gilles"]
[Result "1-0"]
[WhiteElo "2225"]
[BlackElo "1981"]
[PlyCount "31"]
[EventDate "2002.11.22"]
[EventType "swiss"]
[EventRounds "5"]
[EventCountry "CAN"]
[SourceTitle "EXT 2022"]
[Source "ChessBase"]
[SourceDate "2021.10.06"]
[SourceVersion "1"]
[SourceVersionDate "2021.10.06"]
[SourceQuality "1"]

1. e4 e6 2. d4 d5 3. exd5 exd5 4. c4 Nf6 5. Nc3 Nc6 6. Be3 Be7 7. Nf3 Bg4 8. h3 Bxf3 9. Qxf3 dxc4 10. 0-0-0 Na5 11. g4 0-0 12. g5 Ne8 13. Rg1 Nd6 14. h4 b5 15. Nd5 Ne8 16. Nxe7+ 1-0

[Event "Montreal op 06"]
[Site "Montreal"]
[Date "2002.06.08"]
[Round "3"]
[White "Bolduc, Steve"]
[Black "Fortier, Marc Andre"]
[Result "1-0"]
[WhiteElo "2245"]
[BlackElo "2176"]
[PlyCount "73"]
[EventDate "2002.06.07"]
[EventType "swiss"]
[EventRounds "5"]
[EventCountry "CAN"]
[SourceTitle "EXT 2009"]
[Source "ChessBase"]
[SourceDate "2008.11.26"]
[SourceVersion "1"]
[SourceVersionDate "2008.11.26"]
[SourceQuality "1"]

1. d4 Nf6 2. c4 g6 3. Nf3 Bg7 4. g3 0-0 5. Bg2 c5 6. d5 d6 7. Nc3 Nbd7 8. 0-0 Ng4 9. h3 Nge5 10. Nd2 Nb6 11. Qb3 f5 12. f4 Nf7 13. a4 Rb8 14. a5 Na8 15. a6 Nc7 16. e4 b5 17. cxb5 Bd7 18. exf5 gxf5 19. Qc2 Nxb5 20. Nxb5 Rxb5 21. Nc4 Qb8 22. Re1 Re8 23. Ra3 e6 24. Kh2 exd5 25. Rxe8+ Qxe8 26. Bxd5 Bf8 27. Re3 Qc8 28. b3 Bc6 29. Be6 Bd7 30. Qxf5 Bxe6 31. Rxe6 Bg7 32. Bb2 Qf8 33. Qg4 Ne5 34. Nxe5 dxe5 35. Bxe5 Rb8 36. Bxb8 Qxb8 37. Re7 1-0

[Event "Montreal op 06"]
[Site "Montreal"]
[Date "2002.06.08"]
[Round "2"]
[White "Fortier, Marc Andre"]
[Black "Lawson, Eric"]
[Result "1/2-1/2"]
[WhiteElo "2176"]
[BlackElo "2301"]
[PlyCount "87"]
[EventDate "2002.06.07"]
[EventType "swiss"]
[EventRounds "5"]
[EventCountry "CAN"]
[SourceTitle "EXT 2009"]
[Source "ChessBase"]
[SourceDate "2008.11.26"]
[SourceVersion "1"]
[SourceVersionDate "2008.11.26"]
[SourceQuality "1"]

1. e4 c5 2. Nc3 Nc6 3. g3 g6 4. Bg2 Bg7 5. d3 d6 6. f4 e6 7. Nf3 Nge7 8. 0-0 h6 9. Be3 Nd4 10. Nh4 f5 11. Re1 0-0 12. Qd2 Rb8 13. Nd1 b6 14. c3 Ndc6 15. d4 cxd4 16. cxd4 Na5 17. b3 Bb7 18. Nf2 Kh7 19. Rac1 Rc8 20. Rxc8 Qxc8 21. Rc1 Qd7 22. b4 Nac6 23. d5 exd5 24. exd5 Nb8 25. Bd4 Na6 26. Bxg7 Kxg7 27. Qd4+ Kh7 28. Nd1 Nc7 29. Ne3 Nb5 30. Qd3 Nc7 31. g4 fxg4 32. f5 Ne8 33. fxg6+ Kg8 34. Qd4 Nf6 35. Rf1 Kg7 36. Rxf6 Rxf6 37. Nxg4 Ng8 38. Bh3 Qe8 39. Nxf6 Qe1+ 40. Bf1 Nxf6 41. Nf5+ Kxg6 42. Nxd6 Bxd5 43. Qd3+ Ne4 44. Nxe4 1/2-1/2

[Event "Montreal op 06"]
[Site "Montreal"]
[Date "2002.06.07"]
[Round "1"]
[White "Fortier, Marc Andre"]
[Black "Trottier, Yves"]
[Result "1-0"]
[WhiteElo "2176"]
[BlackElo "1939"]
[PlyCount "77"]
[EventDate "2002.06.07"]
[EventType "swiss"]
[EventRounds "5"]
[EventCountry "CAN"]
[SourceTitle "EXT 2009"]
[Source "ChessBase"]
[SourceDate "2008.11.26"]
[SourceVersion "1"]
[SourceVersionDate "2008.11.26"]
[SourceQuality "1"]

1. e4 e5 2. Nf3 Nf6 3. Nc3 Nc6 4. Bc4 Nxe4 5. Nxe4 d5 6. Bd3 dxe4 7. Bxe4 Bd6 8. 0-0 Bg4 9. h3 Bh5 10. c3 Qd7 11. Nxe5 Bxd1 12. Nxd7 Bh5 13. Bxc6 bxc6 14. Ne5 Bxe5 15. Re1 f6 16. d4 0-0-0 17. dxe5 Rhe8 18. g4 Bf7 19. Bf4 fxe5 20. Bxe5 g6 21. Bd4 Rxe1+ 22. Rxe1 Bxa2 23. Bxa7 Kd7 24. b4 Re8 25. Be3 Be6 26. Kg2 h5 27. Kg3 hxg4 28. hxg4 Bb3 29. Kf4 Bc2 30. Rc1 Rf8+ 31. Kg5 Be4 32. f4 Rf7 33. Bd4 Kc8 34. Re1 Bc2 35. Bf6 Kd7 36. Re2 Bb1 37. Rd2+ Ke6 38. f5+ gxf5 39. gxf5+ 1-0

[Event "Quebec Carnaval op"]
[Site "Quebec"]
[Date "2001.02.11"]
[Round "5"]
[White "Fortier, Marc Andre"]
[Black "Audet Bouchard, Nicolas"]
[Result "1-0"]
[WhiteElo "2129"]
[BlackElo "1923"]
[PlyCount "67"]
[EventDate "2001.02.??"]
[EventType "swiss"]
[EventRounds "5"]
[EventCountry "CAN"]
[SourceTitle "EXT 2005"]
[Source "ChessBase"]
[SourceDate "2004.11.15"]
[SourceVersion "1"]
[SourceVersionDate "2004.11.15"]
[SourceQuality "1"]

1. e4 c5 2. Nc3 Nc6 3. g3 g6 4. Bg2 Bg7 5. d3 e6 6. Be3 d6 7. f4 Nge7 8. Nf3 0-0 9. 0-0 b5 10. Qd2 Rb8 11. Nd1 Nd4 12. Nh4 f5 13. c3 Ndc6 14. exf5 exf5 15. Nf3 b4 16. d4 Ba6 17. Re1 bxc3 18. bxc3 Qa5 19. dxc5 dxc5 20. Qd6 Bxc3 21. Nxc3 Qxc3 22. Bxc5 Rf6 23. Qxb8+ Nxb8 24. Bd4 Qc6 25. Rxe7 Re6 26. Rg7+ Kf8 27. Ng5 Qd6 28. Nxe6+ Qxe6 29. Rxa7 Qd6 30. Rd1 Qb4 31. Bd5 Ke8 32. Bf7+ Kf8 33. a3 Qxa3 34. Re1 1-0

[Event "Montreal op"]
[Site "Montreal"]
[Date "2001.??.??"]
[Round "3"]
[White "Fortier, Marc Andre"]
[Black "Charbonneau, Anne Marie"]
[Result "1/2-1/2"]
[WhiteElo "2121"]
[BlackElo "1901"]
[PlyCount "128"]
[EventDate "2001.??.??"]
[EventType "swiss"]
[EventRounds "6"]
[EventCountry "CAN"]
[SourceTitle "EXT 2003"]
[Source "ChessBase"]
[SourceDate "2002.11.25"]
[SourceVersion "1"]
[SourceVersionDate "2002.11.25"]
[SourceQuality "1"]

1. e4 c5 2. Nc3 d6 3. g3 Nc6 4. Bg2 g6 5. d3 Bg7 6. f4 e6 7. Nf3 Nge7 8. 0-0 0-0 9. Be3 Nd4 10. Qd2 Rb8 11. Nd1 b5 12. Nh4 b4 13. c3 bxc3 14. bxc3 Nb5 15. f5 exf5 16. exf5 Nxf5 17. Nxf5 Bxf5 18. Bg5 Qd7 19. a4 Nc7 20. Ne3 Be6 21. Bf6 Rb3 22. d4 Rfb8 23. dxc5 dxc5 24. Qxd7 Bxd7 25. Nd5 Ne6 26. Bxg7 Kxg7 27. Nf6 Be8 28. Nxe8+ Rxe8 29. Rad1 Re7 30. Rc1 Ra3 31. Bc6 Rc7 32. Bb5 a6 33. Bxa6 Rxa4 34. Bb5 Ra2 35. Bc4 Rd2 36. h4 Rb7 37. Rf2 Rbb2 38. Rcf1 Rxf2 39. Rxf2 Rxf2 40. Kxf2 Kf6 41. Kf3 Ke5 42. Ke3 f5 43. Kf3 h6 44. g4 g5 45. gxf5 Kxf5 46. Bd3+ Ke5 47. hxg5 Nxg5+ 48. Kg4 Ne4 49. Kh5 Nxc3 50. Kxh6 Kd4 51. Ba6 Na2 52. Kg5 Nb4 53. Bb5 Nd5 54. Bf1 Nb4 55. Bb5 Nd5 56. Bf1 Ne3 57. Be2 Nc2 58. Bb5 Na3 59. Ba6 Kc3 60. Kf4 Kb4 61. Bd3 Nc4 62. Be2 Kc3 63. Bf1 Nb2 64. Ba6 Nd3+ 1/2-1/2

[Event "Montreal op"]
[Site "Montreal"]
[Date "2001.??.??"]
[Round "6"]
[White "Fortier, Marc Andre"]
[Black "Miron, Francois"]
[Result "1-0"]
[WhiteElo "2121"]
[BlackElo "1845"]
[PlyCount "122"]
[EventDate "2001.??.??"]
[EventType "swiss"]
[EventRounds "6"]
[EventCountry "CAN"]
[SourceTitle "EXT 2003"]
[Source "ChessBase"]
[SourceDate "2002.11.25"]
[SourceVersion "1"]
[SourceVersionDate "2002.11.25"]
[SourceQuality "1"]

1. e4 c5 2. Nc3 Nc6 3. g3 g6 4. Bg2 Bg7 5. d3 e6 6. Be3 d6 7. f4 Nge7 8. Nf3 0-0 9. 0-0 Nd4 10. Qd2 Rb8 11. Nh4 b5 12. Nd1 a5 13. c3 Ndc6 14. f5 exf5 15. exf5 Bxf5 16. Nxf5 gxf5 17. Bh6 Ne5 18. Bxg7 Kxg7 19. Ne3 Qd7 20. Bh3 f6 21. Nxf5+ Nxf5 22. Bxf5 Qc6 23. Qf4 Rbe8 24. h4 Qd5 25. Be4 Qe6 26. Rae1 Qg4 27. Qxg4+ Nxg4 28. Bc6 Rxe1 29. Rxe1 Ne5 30. Bd5 f5 31. d4 Nd3 32. Re7+ Kg6 33. Rd7 Rf6 34. g4 h6 35. Bg8 fxg4 36. Bh7+ Kh5 37. Bxd3 c4 38. Bf1 Kxh4 39. Re7 Kg3 40. a4 bxa4 41. Bxc4 a3 42. Re3+ Kf4 43. Re2 axb2 44. Rxb2 Kg3 45. Bd5 Rf8 46. c4 Re8 47. Rb3+ Kf4 48. Kf2 h5 49. c5 dxc5 50. dxc5 h4 51. c6 g3+ 52. Kf1 h3 53. Rf3+ Kg4 54. c7 h2 55. Rf7 Rh8 56. Rh7 Rf8+ 57. Ke1 Kg5 58. Rg7+ Kh4 59. Rf7 Re8+ 60. Kf1 a4 61. Rf4+ Kg5 1-0